Responses for Show #357 - Tuesday, January 21, 1986

Contestants

[<< previous game]

Ann Antell, a teacher from Ypsilanti, Michigan

Daniel Dorse, a restaurant manager and a comedian from Santa Ana, California

Erik Bergman, a writer from Portland, Oregon (whose 1-day cash winnings total $8,800)

[next game >>]

Jeopardy! Round responses

AMERICAN TRIVIA
SHOW BUSINESS
CRIME
THE CONFEDERACY
RUGS & CARPETS
RAINY SONGS
    $100 21
Camels

Ann
    $100 2
Michael J. Fox

Daniel
    $100 6
drunk driving (driving under the influence)

Daniel
    $100 9
the quality of the commanders

Erik
    $100 12
Iran

Daniel
    $100 1
(Daniel: What is "The [*] Rain"?)

Kentucky

Daniel
    $200 22
Sanka

Ann
    $200 3
The Mod Squad

Daniel
    $200 7
murder

Erik
    $200 10
(Ann: What is The Klansman?) [Originally ruled incorrect; reversed before Final Jeopardy!]

The Birth of a Nation

DanielAnn
    $200 13
Georgia

Ann
    $200 18
B.J. Thomas

Daniel
    $300 23
(Daniel: What is "The Battle Hymn Of The Republic"?)

The Star-Spangled Banner

ErikDaniel
    $300 4
Jill Clayburgh

Daniel
    $300 8
a crime of passion

Ann
    $300 15
(Ann: What is [**]?)
(Alex: [**]? We'll accept that. It was [*] years, two months, & five days, as a matter of fact.)

four (five accepted)

Ann
    $10 14
(Alex: Hard to imagine an Audio Daily Double in a RUGS & CARPETS category, I'm sure. How much are you going to risk?)
(Ann: $10.)
[Laughter]
(Ann: I never know the songs you play.)
(Alex: All right. Wait a minute. Daniel is supposed to be the comic on this program, but you're risking $10.)
[The song was reprised going into the break.]
[At the time, this was the lowest amount wagered on a Daily Double.]

a magic carpet

Ann
    $300 19
Southern California

Erik
    $400 24
the invasion of Normandy (D-Day)

Erik
    $400 5
Bob Hartley (Dr. Robert Hartley)

Ann
    $400 26
[The end-of-round signal sounds.]

a misdemeanor

Daniel
    $400 16
cotton

Erik
    $400 20
(Alex: And we've got about a minute left in this round.)

"Laughter In The Rain"

Triple Stumper
    $500 25
(Ann: What is padding?)

cup sizes

Ann
Triple Stumper
    $500 11
Jack Nicholson

Daniel
    $500 17
(Erik: What is martial law?)

the draft

ErikDaniel

Scores at the first commercial break (after clue 14):

Erik Daniel Ann
$300 $1,600 $1,110

Scores at the end of the Jeopardy! Round:

Erik Daniel Ann
$1,200 $2,400 $1,210

Double Jeopardy! Round responses

THE CONTINENTS
CHILDHOOD DISEASES
SURFING
THE ODYSSEY
ANIMALS
DOUBLE "N"
    $200 24
A

Ann
    $200 1
muscular dystrophy

Daniel
    $200 2
his surfboard

Daniel
    $200 12
Homer

Ann
    $200 10
straight up

Ann
    $200 21
cranny

Daniel
    $500 25
Africa, Asia, Australia, & Antarctica

Ann
    $400 7
crib death (sudden infant death syndrome)

Ann
    $400 3
Oahu

Daniel
    $400 13
singing

Ann
    $400 17
[NOTE: Alex did not give the second response.]

fanning away insects (or regulating body temperature)

Erik
    $400 20
(Ann: What is tintinnabulation?)

tinnitus

Ann
Triple Stumper
    $600 26
[The end-of-round signal sounds.]

the Soviet Union

Daniel
    $600 8
chicken pox

Ann
    $600 4
a wipeout

Daniel
    $600 14
The Iliad

Ann
    $600 18
the bighorn sheep

Erik
    $600 22
(2 of) Connecticut, Pennsylvania, Minnesota or Tennessee

Triple Stumper
    $800 9
hyperactivity (or hyperactive, hyperkinetic)

Erik
    $1,800 5
(Daniel: What is "Surfin' USA" & what is "Let's Go Surfin'"?)

(2 of) "Surfin' USA", "Surfin' Safari", or "Surfer Girl"

Daniel
    $800 15
Calypso

Ann
    $800 19
(Ann: What is the kiwi?)

the emu

DanielAnn
    $1000 11
lazy eye

Ann
    $1000 6
(Daniel: What is, uh, um...)

riding the curl (shooting the curl)

Daniel
Triple Stumper
    $1000 16
[Applause for Ann's run of the category]

son

Ann
    $1000 23
(Alex: We've got about a minute to go in this round.)

the sea otter

Erik

Scores at the end of the Double Jeopardy! Round:

Erik Daniel Ann
$4,000 $2,600 $5,910

[wagering suggestions for these scores]

Final Jeopardy! Round responses

THE '40s
DanielWhat is November?
$2,600
ErikWhat is May?
$3,999
AnnWhat is April?
$2,200
April

Final scores:

Erik Daniel Ann
$1 $0 $8,110
2nd place: Shapiro & Son bed + WhiteWestinghouse washer & dryer 3rd place: Lane recliner New champion: $8,110

Game dynamics:

Coryat scores:

Erik Daniel Ann
$4,000 $4,400 $6,100
10 R,
1 W
18 R,
3 W
(including 1 DD)
19 R
(including 2 DDs),
3 W

Combined Coryat: $14,500

[game clues] [game scores] [suggest correction]

Game tape date: 1985-09-17
The J! Archive is created by fans, for fans. Scraping, republication, monetization, and malicious use prohibited; this site may use cookies and collect identifying information. See terms. The Jeopardy! game show and all elements thereof, including but not limited to copyright and trademark thereto, are the property of Jeopardy Productions, Inc. and are protected under law. This website is not affiliated with, sponsored by, or operated by Jeopardy Productions, Inc. Join the discussion at JBoard.tv.